| 000 | 00662nam a2200229 a 4500 | ||
|---|---|---|---|
| 005 | 20240925064823.0 | ||
| 008 | 181120s2017 mx r 000 0 spa d | ||
| 020 | _a9786078559077 | ||
| 035 | _aUPN01000227941 | ||
| 049 | _aCG | ||
| 050 | 4 |
_aHD3451 A6 _bCH2 |
|
| 100 | 1 | _aSantiago Santiago, Jorge | |
| 245 | 1 | 0 |
_aEconomía política solidaria : _bconstruyendo alternativas / _cJorge Santiago Santiago. |
| 260 |
_aMéxico : _bEón, _c2017. |
||
| 300 |
_a247 p. : _btablas |
||
| 440 | 0 | _aRebeldías | |
| 650 | 4 |
_aCOOPERACION - _zCHIAPAS _927233 |
|
| 650 | 2 |
_aPolítica económica _91147 |
|
| 650 | 2 |
_aSolidaridad _94167 |
|
| 905 | _aLibro | ||
| 999 |
_c200036 _d200036 |
||